LDR 00988naa#a2200181#i#450# 001 RU\\bibl\124380 005 20260606233451.6 011 ## _a2073-1574 100 ## _a20260529b2026####ek#y0rusy0150####ca 102 ## _aRU 200 1# _aМетодическое обоснование выбора технологического оборудования на контейнерных терминалах российских морских портов _eЖурнальная статья 210 1# _aАстрахань _cАстраханский государственный технический университет _d2026 215 ## _a8 с. 608 ## _aЖурнальная статья _2local 675 ## _aПереработка грузов в портах. 656.073.28 _aМашины и оборудование в целом. 658.274 _z 700 #1 _aЛазарев _gВладимир Анатольевич 700 #1 _aМеркулов _gИван Сергеевич 856 4# _avestnik.astu.org _u